000 00782pam a2200241 a 4500
999 _c2303
_d2303
003 OSt
005 20201103110901.0
008 890725s1990 mdua b 001 0 eng c
010 _a
020 _a0683067435
040 _aDNLM/DLC
_cKABLIB
_dKABLIB
082 _223
_a616.855
_bPAL
100 1 _aPalmer, John M.
_q(John Milton),
_d1922-
_96295
245 1 0 _aSurvey of Communication Disorders /
_cJohn M. Palmer, Phillip A. Yantis.
260 _aBaltimore :
_bWilliams & Wilkins,
_cc1990.
300 _axi, 272 p. :
_bill. ;
_c24 cm.
500 _aIncludes index.
504 _aIncludes bibliographical references.
650 0 _aCommunicative disorders.
_96296
650 2 _aCommunicative Disorders.
_96297
700 1 _aYantis, Phillip A.
_eJoint Author.
_96298
942 _2ddc
_cBOOK